India,s cooling paradox (Record no. 530437)

000 -LEADER
fixed length control field 00547nam a22001457a 4500
008 - FIXED-LENGTH DATA ELEMENTS--GENERAL INFORMATION
fixed length control field 250613b ||||| |||| 00| 0 eng d
100 ## - MAIN ENTRY--PERSONAL NAME
Personal name Sangomla, Akshit
245 ## - TITLE STATEMENT
Title India,s cooling paradox
260 ## - PUBLICATION, DISTRIBUTION, ETC. (IMPRINT)
Place of publication, distribution, etc Down to Earth
300 ## - PHYSICAL DESCRIPTION
Extent 33(24),may 1-15, 25: p.24-27
520 ## - SUMMARY, ETC.
Summary, etc Aerosols responsible for toxic air pollution could explain India's slower warming- but scientist warn there are no easy solutions - Reproduced
650 ## - SUBJECT ADDED ENTRY--TOPICAL TERM
Topical term or geographic name as entry element Aerosols, Atmospheric, NASA,India's slower warming
9 (RLIN) 54383
942 ## - ADDED ENTRY ELEMENTS (KOHA)
Item type Articles
Holdings
Withdrawn status Lost status Source of classification or shelving scheme Damaged status Not for loan Permanent location Current location Date acquired Barcode Date last seen Koha item type
          Indian Institute of Public Administration Indian Institute of Public Administration 2025-06-13 AR136274 2025-06-13 Articles

Powered by Koha